5番線がある駅サドンデス - Statistics

General Stats
  • This quiz has been taken 47 times
  • The average score is 3 of 25
Answers on the Grid
Answers color-coded by a green-red scale on the quiz's grid according to % correct below.
岩見沢
野辺地
岩沼
大曲
酒田
新白河
勝田
小山
伊勢崎
熊谷
大宮(埼玉県)
春日部
空港第2ビル
成田空港
日暮里
高田馬場
綾瀬
京成高砂
新横浜
越後湯沢
高岡
津幡
福井(福井県)
大月
軽井沢
名鉄岐阜
三島
浜松
金山(愛知県)
山科
本町
和田山
吉野口
和歌山市
橋本(和歌山県)
米子
新見
三原
岩国
徳山
厚狭
下関
瓦町
南福岡
武雄温泉
早岐
八代
別府(大分県)
南宮崎
 
Answer Stats
Answer % Correct
新横浜
33%
名鉄岐阜
28%
岩沼
19%
高岡
19%
成田空港
17%
三島
17%
京成高砂
14%
浜松
14%
14%
野辺地
11%
小山
11%
和歌山市
11%
米子
11%
新白河
8%
福井(福井県)
8%
和田山
8%
吉野口
8%
橋本(和歌山県)
8%
早岐
8%
熊谷
6%
高田馬場
6%
大月
6%
新見
6%
瓦町
6%
南福岡
6%
No matching quizzes found
Score Distribution
Percent of People with Each Score
Percentile by Number Answered
Your Score History
You have not taken this quiz